Physique /

Bibliographic Details
Main Author: Aristotle
Other Authors: Carteron, Henry, 1891-1929
Format: Book
Language:French
Greek, Modern (1453-)
Published: Paris : Societe d'edition "Les Belles lettres", 1926-
Series:Collection des universités de France.
Subjects:

MARC

Tag First Indicator Second Indicator Subfields
LEADER 00000cam a2200000 a 4500
001 in00000071389
005 20151008062209.0
008 760106m19269999fr 00010 fremc
010 |a ac 39002861  
035 |a (OCoLC)01913105 
035 |9 AAJ9722AM 
040 |a Catholic Univ. of America. Library  |c FHM  |d FHM  |d m.c.  |d SER  |d TXA  |d UtOrBLW 
041 0 |a fre  |a gre 
049 |a TXAM  |d [  |v -t.]  |v 1 [1672174] 
050 1 0 |a PA3893  |b .P3 
100 0 |a Aristotle. 
245 1 0 |a Physique /  |c Aristotle ; texte etabli et traduit par Henri Carteron. 
264 1 |a Paris :  |b Societe d'edition "Les Belles lettres",  |c 1926- 
300 |a volumes ;  |c 21 cm. 
336 |a text  |b txt  |2 rdacontent 
337 |a unmediated  |b n  |2 rdamedia 
338 |a volume  |b nc  |2 rdacarrier 
490 1 |a Collection des universites de France 
500 |a French and Greek on opposite pages, numbered in duplicate. 
650 0 |a Physics  |v Early works to 1800. 
700 1 |a Carteron, Henry,  |d 1891-1929. 
830 0 |a Collection des universités de France. 
999 |a MARS 
999 f f |s a526fb4c-26dc-3c57-8ed2-40ab596f4427  |i 17f6f212-3478-3fae-9365-21f87c7c7dcb  |t 0 
952 f f |p ric  |a Texas A&M University  |b Rellis Campus  |c Joint Library Facility  |d Remote Storage  |t 0  |e PA3893 .P3  |h Library of Congress classification  |i unmediated -- volume  |k t.1  |m A14829947030 
998 f f |a PA3893 .P3  |s t.1  |t 0  |l Remote Storage